000 00645nam a2200253Ia 4500
003 OSt
005 20220918192836.0
006 a|||||r|||| 00| 0
007 ta
008 220917b |||||||| |||| 00| 0 eng d
024 _a70,697
037 _cTextual
040 _aARTS
_cARTS
_beng
041 _2eng
_aeng
082 _aR4xL70:g, K9
100 _aWalsh W H
245 0 _aHegelian ethics
260 _aLondon
_bMacmillan UK
_c1969
300 _a84p.
_ccm.
490 _aNew studies in ethics ed by W D Hudson
650 _aETHICS
942 _hR4xL70:g, K9
_cTEXL
_2CC
999 _c196790
_d196790